000
00330nam a2200121Ia 4500
008
180117s9999 xx 000 0 und d
100
_a
by AA Patawaran
245
_a
Write Here Write Now
260
_c
2017
300
_a
20-22 pages, 2017 May 28
440
_a
Philippine Panorama
650
_a
CAR VISCOTTI AND THE PATHS OF ANGELS
999
_c
353489
_d
353489